00494nam a22001817a 45000050016000000100013000160200022000290350013000510370021000640820008000851000020000932450065001132600041001782700039002193000028002584900023002867000003003092012032301581.0 aB-447104 a8123737130c20.00 aB-447104 adplbK.K.Pub/Ven a921 aNadkarni, Mohan aBal gandharva :bthe nonpareil thespian /cby Mohan Nadkarni aNew DelhibNational Book Trustc2002 aA-5 Green Park,bNew Delhie110016 avi,77p.billc22cm(pbk) aNational biography